A viva Bosch : (Registro nro. 8065)

Detalles MARC
000 -LIDER
fixed length control field 01096nam a2200313 a 4500
001 - NÚMERO DE CONTROL
Identificador de número de control 000027257
003 - IDENTIFICACDOR DE NÚMERO DE CONTROL
control field DO-SdBNP
005 - DATE AND TIME OF LATEST TRANSACTION
control field 20201029113123.0
007 - CAMPOS FIJOS DE DESCRIPCIÓN FÍSICA
fixed length control field 000027257
008 - ELEMENTOS DE LONGITUD FIJA
fixed length control field 100805s2010 dr 001 p spa d
020 ## - ISBN
International Standard Book Number 9789945404302
040 ## - FUENTE DE CATALOGACIÓN
Agencia que crea de manera original el registro BPMSU
Idioma de catalogación spa
Agencia que realiza la transcripción BPMSU
082 ## - NÚMERO DE CLASIFICACIÓN DECIMAL DE DEWEY
Classification number RD861.4408
Item number A111v
245 00 - MENCIÓN DE TITULO
Título A viva Bosch :
Subtítulo cien poetas cantan a Juan Bosch en el centenario de su nacimiento /
Mención de responsabilidad presentación William Mejía.
260 ## - PUBLICACIÓN, DISTRIBUCIÓN, ETC. (PIE DE IMPRENTA)
Lugar de publicación, distribución, etc Santo Domingo :
Nombre del editor, distribuidor, etc. Ediciones de Cultura,
Fecha de publicación, distribución, etc 2010.
300 ## - DESCRIPCIÓN FÍSICA
Extensión 224 p. ;
Dimensiones 23 cm.
504 ## - NOTA DE BIBLIOGRAFÍA, ETC.
Bibliography, etc Incluye bibliografía y notas al pie de páginas.
600 14 - ENCABEZAMIENTO DE MATERIA--NOMBRE PERSONAL
Nombre personal BOSCH, JUAN,
Fechas asociadas con el nombre 1909-2001
Subdivisión temática general POESÍA
650 #4 - ENCABEZAMIENTO DE MATERIA--TEMÁTICO
Término temático o nombre geográfico como elemento de entrada POESÍA DOMINICANA
Subdivisión temática general COLECCIONES
650 #4 - ENCABEZAMIENTO DE MATERIA--TEMÁTICO
Término temático o nombre geográfico como elemento de entrada LITERATURA DOMINICANA
700 1# - ASIENTO SECUNDARIO -- NOMBRE PERSONAL
Nombre personal Mejía, William,
Fechas asociadas con el nombre present.
910 ## - VALIDACIÓN
Validación Validado. Control de calidad EMS.
930 #1 - EQUIVALENCE OR CROSS-REFERENCE-UNIFORM TITLE HEADING [LOCAL, CANADA]
Language of a work BND01
Medium of performance for music LF1
Medium RD861.4408
Field link and sequence number 20110330
Date of a work 04
Name of part/section of a work HD
942 ## - ADDED ENTRY ELEMENTS (KOHA)
Source of classification or shelving scheme Dewey Decimal Classification
Koha item type Libros
945 ## - INFORMACIÓN DE PROCESAMIENTO LOCAL
Información de procesamiento local Inventariado, 2017/MFF
956 ## - LOCAL ELECTRONIC LOCATION AND ACCESS (OCLC)
Nombre de host TMEREDITH
Número de acceso 10
Información de compresión 20110330
Inicio de sesión BND01
Procesador de solicitud 1420
956 ## - LOCAL ELECTRONIC LOCATION AND ACCESS (OCLC)
Nombre de host EMARRERO
Número de acceso 40
Información de compresión 20140322
Inicio de sesión BND01
Procesador de solicitud 2213
956 ## - LOCAL ELECTRONIC LOCATION AND ACCESS (OCLC)
Nombre de host VMATEO
Número de acceso 10
Información de compresión 20150805
Inicio de sesión BPMSU
Procesador de solicitud 00151
Existencias
Withdrawn status Lost status Source of classification or shelving scheme Damaged status Not for loan Collection code Home library Current library Date acquired Total Checkouts Full call number Barcode Date last seen Price effective from Koha item type
    Dewey Decimal Classification     Colección Dominicana Biblioteca Pública Metropolitana Salomé Ureña Biblioteca Pública Metropolitana Salomé Ureña 10/14/2015   RD861.4408 A111v BPMSU15100108 10/14/2015 10/14/2015 Libros
    Dewey Decimal Classification       Biblioteca Pública Rafael Maria Baralt Biblioteca Pública Rafael Maria Baralt 10/29/2020   RD861.4408 A111v BPRMB20100004 10/29/2020 10/29/2020 Libros